<?xml version="1.0" encoding="UTF-8"?>
<record
    xmlns:xsi="http://www.w3.org/2001/XMLSchema-instance"
    xsi:schemaLocation="http://www.loc.gov/MARC21/slim http://www.loc.gov/standards/marcxml/schema/MARC21slim.xsd"
    xmlns="http://www.loc.gov/MARC21/slim">

  <leader>02019nam a22002417a 4500</leader>
  <controlfield tag="003">OSt</controlfield>
  <controlfield tag="005">20250813130314.0</controlfield>
  <controlfield tag="008">250813b        |||||||| |||| 00| 0 eng d</controlfield>
  <datafield tag="020" ind1=" " ind2=" ">
    <subfield code="a">9781032764047</subfield>
  </datafield>
  <datafield tag="040" ind1=" " ind2=" ">
    <subfield code="c">kul</subfield>
  </datafield>
  <datafield tag="082" ind1=" " ind2=" ">
    <subfield code="a">181.4</subfield>
    <subfield code="b">VOH/T</subfield>
  </datafield>
  <datafield tag="084" ind1=" " ind2=" ">
    <subfield code="2">Colon Classification</subfield>
  </datafield>
  <datafield tag="100" ind1=" " ind2=" ">
    <subfield code="a">Vohra, Ashok (Eds.)</subfield>
    <subfield code="9">571</subfield>
  </datafield>
  <datafield tag="245" ind1=" " ind2=" ">
    <subfield code="a">Towards a New Philosophy: </subfield>
    <subfield code="b">The Unpublished Writings of K Satchidananda Murty</subfield>
  </datafield>
  <datafield tag="260" ind1=" " ind2=" ">
    <subfield code="a">New York:</subfield>
    <subfield code="b">Routledge,</subfield>
    <subfield code="c">&#xA9;2024</subfield>
  </datafield>
  <datafield tag="300" ind1=" " ind2=" ">
    <subfield code="a">viii, 108p.</subfield>
  </datafield>
  <datafield tag="520" ind1=" " ind2=" ">
    <subfield code="a">Kotta Satchidananda Murty (1924&#x2013;2011) was a vociferous writer and an iconoclast. In recognition of his contribution in the field of Philosophy, he was awarded the highly coveted BC Roy Award in Philosophy, and Padma Vibhushan by the Government of India. This volume is a collection of his unpublished writings. It presents Murty&#x2019;s unpublished keynote addresses, papers presented in seminars and lectures which show his reflections and arguments in contrast to contemporary philosophers with regard to recent developments in philosophy. The writings reveal Murty&#x2019;s rejection of established theories by well-known eastern and western philosophers, as well as his arguments in their support, and present a new interpretation of their contention in the contemporary idiom. Murty critically evaluates the contemporary arguments of Malcolm, James Ross, Alvin Plantinga, Charles Hawthorne, Jean-Paul Sartre, Anthony Flew, EH Madden and PH Hare.

An important contribution, the book assesses K. Satchidananda Murty&#x2019;s contribution to philosophy during sixty-one years of his engagement with active writing and teaching. It will be of great interest to scholars, teachers and students of Indian philosophy, Hindu philosophy, Ved&#x101;ntic philosophy, Advaita Ved&#x101;nta, comparative philosophy, religious studies and South Asian studies.</subfield>
  </datafield>
  <datafield tag="650" ind1=" " ind2=" ">
    <subfield code="a">Mystical Ontology</subfield>
    <subfield code="9">572</subfield>
  </datafield>
  <datafield tag="650" ind1=" " ind2=" ">
    <subfield code="a">Globalization of Philosophy</subfield>
    <subfield code="9">573</subfield>
  </datafield>
  <datafield tag="650" ind1=" " ind2=" ">
    <subfield code="a">Philosophy of Language</subfield>
    <subfield code="9">574</subfield>
  </datafield>
  <datafield tag="700" ind1=" " ind2=" ">
    <subfield code="a">Ramesh, Kotta</subfield>
    <subfield code="9">575</subfield>
  </datafield>
  <datafield tag="942" ind1=" " ind2=" ">
    <subfield code="2">ddc</subfield>
    <subfield code="c">BK</subfield>
  </datafield>
  <datafield tag="999" ind1=" " ind2=" ">
    <subfield code="c">750936</subfield>
    <subfield code="d">750936</subfield>
  </datafield>
  <datafield tag="952" ind1=" " ind2=" ">
    <subfield code="0">0</subfield>
    <subfield code="1">0</subfield>
    <subfield code="2">ddc</subfield>
    <subfield code="4">0</subfield>
    <subfield code="7">0</subfield>
    <subfield code="8">NFIC</subfield>
    <subfield code="a">PHL</subfield>
    <subfield code="b">PHL</subfield>
    <subfield code="c">PROC</subfield>
    <subfield code="d">2025-08-13</subfield>
    <subfield code="e">Modern Book Centre, MBC/0637/2024 Dtd 21/02/2025</subfield>
    <subfield code="g">1295.00</subfield>
    <subfield code="l">0</subfield>
    <subfield code="o">181.4 VOH/T</subfield>
    <subfield code="p">PHL4761</subfield>
    <subfield code="r">2025-08-13 13:04:25</subfield>
    <subfield code="w">2025-08-13</subfield>
    <subfield code="y">BK</subfield>
  </datafield>
</record>
